| 000 | 00622nam a2200217 b 4500 | ||
|---|---|---|---|
| 003 | OSt | ||
| 005 | 20151021091802.0 | ||
| 008 | 070205s2006 sp | ||| ||spa | ||
| 020 | _a84-663-1893-3 | ||
| 040 | _cBMC | ||
| 082 | _a863 | ||
| 100 | 1 |
_aSánchez Piñol, Albert _936739 |
|
| 245 | 1 | 0 |
_aPandora en el Congo _cAlbert Sánchez Piñol ; [traducción, Xavier Theros] |
| 260 |
_aMadrid _bPunto de Lectura _c2006 |
||
| 300 |
_a525 p. _c19 cm |
||
| 490 |
_aNarrativa _v116/1 |
||
| 546 | _aTraducción de: Pandora al congo | ||
| 650 | 2 | 4 |
_929289 _aNovela española |
| 700 | 1 |
_936825 _aTheros, Xavier |
|
| 942 |
_2ddc _cBK |
||
| 999 |
_c22992 _d22992 |
||